000 00288nam a22001337a 4500
082 _a894.812.3
_bEDA/O
100 _aEDAVANAKKAD, UMMAR
245 _aORU POOVINTE MARANAM
260 _aALUVA
_bPEN BOOKS PVT LTD
_c2000
300 _a112
520 _aNOVEL
650 _aNOVEL
942 _cBK
999 _c4865
_d4865